| 000 | 01422nas a2200445 i 4500 | ||
|---|---|---|---|
| 001 | 192862 | ||
| 003 | ES-MaACL | ||
| 005 | 20250806053936.0 | ||
| 007 | ta | ||
| 008 | 230622c19249999xxumr1p 0 a0eng | ||
| 022 | 0 | _a0021-9738 | |
| 030 | _aJCINAO | ||
| 035 | _a00219738 | ||
| 040 |
_aISSN _bspa _cES-MaACL |
||
| 080 | _a616 | ||
| 082 | 0 | _a616/.005 | |
| 210 | 1 | _aJ. clin. invest. | |
| 222 | 4 | _aThe Journal of clinical investigation | |
| 245 | 1 | 4 | _aThe Journal of clinical investigation |
| 246 | 1 | 3 | _aJCI |
| 260 |
_aNew York, N.Y. : _bAmerican Society for Clinical Investigation, _c1924- |
||
| 300 |
_a4 v. ; _c25 cm |
||
| 310 | _aBimensual | ||
| 336 |
_2isbdcontent _aTexto (visual) |
||
| 337 |
_2isbdmedia _asin mediación |
||
| 362 | 0 | _aVol. 1 (Oct. 1924)- | |
| 650 | 0 | 7 |
_aMedicina clínica _2embne _914921 |
| 710 | 0 |
_aAmerican Society for Clinical Investigation _9226740 |
|
| 776 | 0 |
_tThe journal of clinical investigation (Online). _x1558-8238 |
|
| 776 | 0 | _tJournal of clinical investigation | |
| 785 | 0 | 1 |
_tClinical research. _x0009-9279 |
| 787 | 0 |
_tJCI impact (Print). _x2324-7703 |
|
| 852 | _xCPPBAM, 1586 | ||
| 856 | 4 | 1 |
_uhttp://www.jci.org/ _yVersión en línea |
| 856 | 4 | 2 |
_uhttp://www.jci.org/impact _yRecurso relacionado |
| 866 | 0 | _oFondos: 1946-1949 | |
| 942 |
_2udc _n0 _cPERIODICA |
||
| 955 | _bPilar Fernández Vera | ||
| 999 |
_c192862 _d192862 |
||